00453nam a2200145Ia 4500008004100000020001800041082001200059100001800071245003000089260001400119500002300133942000700156952012900163999001500292260604s9999 xx 000 0 und d a9780367902728 a330 STY aSTYHRE935465 0aTHE FINANCIALIZED ECONOMY bROUTLEDGE aEconomy, Financial cBK 00104070aIIMVbIIMVcLOCKERd2026-06-04g16949.05l0o330 STYp003903r2026-06-04 10:19:39v16949.05w2026-06-04yBKBSTY c8285d8285